Tales of Innocence and Experience : (Record no. 612268)

MARC details
000 -LEADER
fixed length control field 00523nam a2200193 a 4500
008 - FIXED-LENGTH DATA ELEMENTS--GENERAL INFORMATION
fixed length control field 260212s2004##################000#0#eng##
020 ## - INTERNATIONAL STANDARD BOOK NUMBER
ISBN 9780747568490
082 04 - DEWEY DECIMAL CLASSIFICATION NUMBER
Classification number 306.8745
Item number FIG
100 1# - MAIN ENTRY--AUTHOR NAME
Personal name Figes, Eva,
245 10 - TITLE STATEMENT
Title Tales of Innocence and Experience :
260 ## - PUBLICATION, DISTRIBUTION, ETC. (IMPRINT)
Name of publisher Bloomsbury Paperbacks,
Year of publication 2004.
300 ## - PHYSICAL DESCRIPTION
Number of Pages 192 pages
650 #0 - SUBJECT ADDED ENTRY--TOPICAL TERM
Topical Term Biography & Autobiography.
942 ## - ADDED ENTRY ELEMENTS (KOHA)
Koha item type English Books

No items available.

Find us on the map